Analógový verzus IP kamerový systém : Bakalárska práca

Na minha lista:
Detalhes bibliográficos
Autor principal: Gallo, Ján, 1988- (Author)
Outros Autores: Miksa, František, 1970- (Thesis advisor)
Formato: Manuscrito Livro
Idioma:eslovaco
Publicado em: Trnava : STU v Bratislave MTF UIAM, 2011
Assuntos:
Acesso em linha:VAIS
Tags: Adicionar Tag
Sem tags, seja o primeiro a adicionar uma tag!

MARC

LEADER 00000ntm a22000003a 4500
001 stu228999
005 20160719160542.5
008 110702s2011----xo------------------slo-d
040 |a STU  |b slo 
041 0 |a slo 
044 |a xo 
100 1 |a Gallo, Ján,  |d 1988-  |4 aut  |X 55794  |7 A000055794 
242 0 0 |a Analog versus IP camera systems  |y eng 
245 1 |a Analógový verzus IP kamerový systém :  |b Bakalárska práca 
260 |a Trnava :  |b STU v Bratislave MTF UIAM,  |c 2011 
300 |a 57 s., CD-ROM 
650 7 |a CCTV  |2 stusub 
650 7 |a CCTV  |2 stusub 
650 7 |a aplikovaná informatika a automatizácia v priemysle  |2 stusub 
650 7 |a Applied Informatics and Automation in Industry  |2 estusub 
700 1 |a Miksa, František,  |d 1970-  |4 ths  |u M6000  |U MTF Materiálovotechnologická fakulta  |T MTF Ústav aplikovanej informatiky, automatizácie a matematiky  |X 2760  |U M6000  |Y 86  |7 A000002760 
856 4 |a info a plný text  |u http://is.stuba.sk/zp/portal_zp.pl?podrobnosti=57961  |3 VAIS 
996 |c M*BP-5350  |l MMSKP  |s P  |a 0  |w stu228999_0001